000 00793nam a2200265 a 4500
005 20160419143836.0
008 140115b1997 ck ||||| |||| 00| 0 spa d
040 _aCO-BoIAVH
_cCO-BoIAVH
041 _aspa
090 _aEA
_b00074
110 2 _aAsociación Calidris
_93952
245 _aAves migratorias del Chocó
260 _aCali
_bAsociación Calidris
_bFundación Natura
_bUniversidad del Valle
_bFish and Wildlife Federation
_bFES
_c1997
300 _a13 p.
490 _a27
650 1 4 _aAves
_966059
650 1 4 _aAves de Orilla
_966060
650 1 4 _aAves Playeras
_966061
710 _aFundación Natura
_92886
710 _aUniversidad del Valle
_966062
710 _aFish and Wildlife Federation
_966032
710 _aFES
_966033
942 _cFolleto
_2z
945 _d2005-05-19
999 _c4514
_d4514